000 00824nam a2200229 4500
003 OSt
005 20240726083237.0
006 a
008 240726b |||||||| |||| 00| 0 eng d
020 _a9780415873468
040 _aDWCL-Main lib.
_cOC
082 _aCirc. 328.730734 F852c 2010
100 _aFrederick, Brian
245 _aCongressional representation & constituents : the case for increasing the U.S. House of Representatives /
260 _aN.Y. :
_bRoutledge,
_cc2010.
300 _axii,
_b169 p. : ill. ;
_c23 cm.
504 _aIncludes bibliographical references & index.
650 _a1. United States. Congress. House-Reform.
650 _a2. United States Congress House-Membership.
650 _a3. Representative government and representation-United States.
942 _2ddc
_n0
_cBK-CIRC
_kCirc.
999 _c2836
_d2836